LIBRARY & INFORMATION CENTRE, KCAET, TAVANUR

ONLINE PUBLIC ACCESS CATALOGUE (OPAC)

Expert committee on environmental sanitation / Technical series report No.89 (Record no. 15914)

MARC details
000 -LEADER
fixed length control field 00436cam a2200145ua 4500
003 - CONTROL NUMBER IDENTIFIER
control field OSt
008 - FIXED-LENGTH DATA ELEMENTS--GENERAL INFORMATION
fixed length control field 191023b ||||| |||| 00| 0 eng d
082 ## - DEWEY DECIMAL CLASSIFICATION NUMBER
Classification number 628
Item number WHO/EX
245 ## - TITLE STATEMENT
Title Expert committee on environmental sanitation / Technical series report No.89
260 ## - PUBLICATION, DISTRIBUTION, ETC. (IMPRINT)
Place of publication Geneva :
Name of publisher World Health Organisation ,
Year of publication 1954.
300 ## - PHYSICAL DESCRIPTION
Number of Pages 25 ; .
490 0# - SERIES STATEMENT
Series statement WHO Technical report series,
650 ## - SUBJECT ADDED ENTRY--TOPICAL TERM
Topical Term Technical report
942 ## - ADDED ENTRY ELEMENTS (KOHA)
Koha item type Books
Holdings
Withdrawn status Lost status Damaged status Home library Current library Date acquired Cost, normal purchase price Full call number Accession Number Koha item type
Withdrawn     KAUAET KAUAET 23/10/2019 1.00 628 WHO/EX 756 Books
free website counter